Increasing the bundle of land rights for schools in Nyeri County - Kenya/ (Record no. 13691)
[ view plain ]
| 000 -LEADER | |
|---|---|
| fixed length control field | 00422nam a2200133 4500 |
| 008 - FIXED-LENGTH DATA ELEMENTS--GENERAL INFORMATION | |
| fixed length control field | 160812b xxu||||| |||| 00| 0 eng d |
| 020 ## - INTERNATIONAL STANDARD BOOK NUMBER | |
| International Standard Book Number | 9789966192813 |
| 020 ## - INTERNATIONAL STANDARD BOOK NUMBER | |
| International Standard Book Number | 9966192816 |
| 050 ## - LIBRARY OF CONGRESS CALL NUMBER | |
| Classification number | HT167 .L85 2016 |
| 100 ## - MAIN ENTRY--PERSONAL NAME | |
| Personal name | Lukalo, Fabian |
| 245 ## - TITLE STATEMENT | |
| Title | Increasing the bundle of land rights for schools in Nyeri County - Kenya/ |
| 260 ## - PUBLICATION, DISTRIBUTION, ETC. (IMPRINT) | |
| Place of publication, distribution, etc. | Nairobi : |
| Name of publisher, distributor, etc. | Government Press, |
| Date of publication, distribution, etc. | 2016. |
| 300 ## - PHYSICAL DESCRIPTION | |
| Extent | v, 37p. : |
| Other physical details | ill. (some col.) ; |
| Dimensions | 23cm. |
| 440 ## - SERIES STATEMENT/ADDED ENTRY--TITLE | |
| Title | NLC working paper series, no. 2 |
| 700 ## - ADDED ENTRY--PERSONAL NAME | |
| Personal name | Isak, Saida |
| 942 ## - ADDED ENTRY ELEMENTS (KOHA) | |
| Source of classification or shelving scheme | |
| Koha item type | Africana (Books) |
| Withdrawn status | Lost status | Source of classification or shelving scheme | Damaged status | Not for loan | Home library | Current library | Shelving location | Date acquired | Source of acquisition | Total Checkouts | Full call number | Barcode | Date last seen | Price effective from | Koha item type |
|---|---|---|---|---|---|---|---|---|---|---|---|---|---|---|---|
| MACHAKOS UNIVERSITY LIBRARY | MACHAKOS UNIVERSITY LIBRARY | Africana | 12/08/2016 | Donation (National Lands Commission) | HT167 .L85 2016 | 24931 | 12/08/2016 | 12/08/2016 | Africana (Books) | ||||||
| MACHAKOS UNIVERSITY LIBRARY | MACHAKOS UNIVERSITY LIBRARY | Short Loan | 12/08/2016 | Donation (National Lands Commission) | HT167 .L85 2016 | 24930 | 30/05/2019 | 12/08/2016 | Africana (Books) |